000 00586nam a22002177a 4500
001 3733
003 FISKH
005 20240425141534.0
008 240425b cb ||||| |||| 00| 0 eng d
040 _aFISKH
_beng
_cFISKH
_dFISKH
050 _aPZ7
082 _a591.7
100 _aAnonymous
245 _aAnimals :
_bBright kid's board book /
260 _aKuala Lumpur :
_bMaxim Press,
300 _a8 unnumbered pages :
_bcolor illustrations ;
_c25 cm
520 _aAnimal names and pictures are introduced.
650 _aAnimals
942 _2ddc
_cBK
_n0
999 _c3733
_d3733